Advances in information retrieval (رقم التسجيلة. 13881)
[ عرض عادي ]
| 000 -الفاتح | |
|---|---|
| حقل البيانات ثابتة الطول | 01597cam a2200361 a 4500 |
| 001 - رقم الضبط | |
| رقم الضبط | 7915408 |
| 003 - محدد رقم الضبط | |
| رقم الضبط | OSt |
| 005 - وقت وتاريخ اخر تعامل مع التسجيلة | |
| رقم الضبط | 20150408113914.0 |
| 006 - عناصر البيانات ثابتة الطول - خصائص المادة الاضافية-معلومات عامة | |
| حقل البيانات ثابتة الطول | m d |
| 007 - الحقل الثابت للوصف المادى- معلومات عامة | |
| حقل البيانات ثابتة الطول | cr n |
| 008 - عناصر البيانات ثابتة الطول - معلومات عامة | |
| حقل البيانات ثابتة الطول | 090224s2009 gw a sb 101 0 eng d |
| 020 ## - الرقم الدولى المعيارى للكتب | |
| الرقم الدولى المعيارى للكتاب | 9783642009570 (softcover : alk. paper) |
| 020 ## - الرقم الدولى المعيارى للكتب | |
| الرقم الدولى المعيارى للكتاب | 3642009573 (softcover : alk. paper) |
| 035 ## - رقم ضبط النظام | |
| رقم ضبط النظام | (WaSeSS)ssj0000315991 |
| 040 ## - مصدر الفهرسة | |
| وكالة الفهرسة الأصلية | DLC |
| وكالة النسخ | DLC |
| وكالة التعديل | DLC |
| -- | WaSeSS |
| 050 #4 - رقم طلب مكتبة الكونجرس | |
| رقم التصنيف | QA76.9.D3 |
| رقم المادة | E92 2009 |
| 082 00 - رقم تصنيف ديوى العشرى | |
| رقم التصنيف | 005.74 |
| رقم الطبعة | 21 |
| رقم المادة | E U C |
| 111 2# - المدخل الرئيسى - اسم مؤتمر | |
| اسم المؤتمر أو اسم السلطة كمدخل | European Conference on IR Research |
| رقم جزء/قسم/الاجتماع | (31th : |
| تاريخ الاجتماع | 2009 |
| موقع المؤتمر | Toulouse, France) |
| 9 (RLIN) | 3468 |
| 210 10 - العنوان المختصر | |
| العنوان المختصر | Advances in information retrieval |
| 245 10 - بيان العنوان | |
| العنوان | Advances in information retrieval |
| الوسيط | [electronic resource] : |
| بقية العنوان | 31th European conference on IR research, ECIR 2009, Toulouse, France, April 6-9, 2009. proceedings / |
| بيان المسئوليه,etc | Mohand Boughanem ... [et al.] (eds.). |
| 260 ## - PUBLICATION, DISTRIBUTION, ETC. (IMPRINT) | |
| مكان الناشر او الموزع | Berlin : |
| اسم الناشر او الموزع | Springer, |
| تاريخ النشر أو التوزيع | c2009. |
| 490 0# - بيان السلسلة | |
| عنوان السلسلة | Lecture notes in computer science ; |
| رقم المجلد/ التعيين التسلسلي | 5478 |
| 490 0# - بيان السلسلة | |
| عنوان السلسلة | LNCS sublibrary. SL 1 - Theoretical computer science and general issues |
| 504 ## - تبصرة ببليوجرافية | |
| تبصرة ببليوجرافية,الخ | Includes bibliographical references and index. |
| 506 ## - تبصرة قيود الاتاحة | |
| قيود الإتاحة | License restrictions may limit access. |
| 650 #0 - المدخل الاضافى بالموضوع-مصطلح موضوعى | |
| مصطلح موضوعي أو اسم جغرافي كعنصر مدخل | Database management |
| التقسيم الفرعي الشكلي | Congresses. |
| 9 (RLIN) | 3469 |
| 650 #0 - المدخل الاضافى بالموضوع-مصطلح موضوعى | |
| مصطلح موضوعي أو اسم جغرافي كعنصر مدخل | Information storage and retrieval systems |
| التقسيم الفرعي الشكلي | Congresses. |
| 9 (RLIN) | 3421 |
| 700 1# - المدخل الاضافى - اسم شخصى | |
| الإسم الشخصى | Boughanem, Mohand. |
| 9 (RLIN) | 3470 |
| 773 #0 - مدخل المادة المضيفة | |
| العنوان | SpringerLink ebooks - Computer Science (2009) |
| 856 40 - الوصول و الموقع الالكترونى | |
| معرف المصدر الموحد | <a href="http://www.columbia.edu/cgi-bin/cul/resolve?clio7915408">http://www.columbia.edu/cgi-bin/cul/resolve?clio7915408</a> |
| تبصرة عامة | Full text available from SpringerLink ebooks - Computer Science (2009) |
| 910 ## - بيانات اختيارية للمستخدم | |
| User-option data | Library of Congress record |
| 942 ## - عناصر المدخل الإضافي( كوها) | |
| مصدر التصنيف او مخطط الترفيف | Dewey Decimal Classification |
| Koha [default] item type | DVD |
| حالة الفقد | نموذج السعر الفعال | حالة تلف | ليس للاعارة | رقم الطلب | تاريخ الاكتساب | الموقع الحالي | الباركود | الفرع الرئيسي | Date last seen | نوع المادة فى نظام كوها | مصدر التصنيف او خطة الترفيف | Total Checkouts |
|---|---|---|---|---|---|---|---|---|---|---|---|---|
| 2013-03-10 | 005.74 E U C | 2011-08-27 | قسم الاجراءات الفنية (IC) | 00102090 | قسم الاجراءات الفنية (IC) | 2013-03-10 | كتاب | Dewey Decimal Classification | ||||
| 2013-03-10 | 005.74 E U C | 2011-08-27 | قسم الاجراءات الفنية (IC) | 00102091 | قسم الاجراءات الفنية (IC) | 2013-03-10 | كتاب | Dewey Decimal Classification |
